Kate Shelley and the midnight express / (Record no. 33359)
[ view plain ]
| 000 -LEADER | |
|---|---|
| fixed length control field | 01476cam a2200433 a 4500 |
| 001 - CONTROL NUMBER | |
| control field | 4346144 |
| 003 - CONTROL NUMBER IDENTIFIER | |
| control field | OSt |
| 005 - DATE AND TIME OF LATEST TRANSACTION | |
| control field | 20140310184250.0 |
| 008 - FIXED-LENGTH DATA ELEMENTS--GENERAL INFORMATION | |
| fixed length control field | 890829s1990 mnua j 000 0 eng |
| 010 ## - LIBRARY OF CONGRESS CONTROL NUMBER | |
| LC control number | 89038583 |
| 020 ## - INTERNATIONAL STANDARD BOOK NUMBER | |
| International Standard Book Number | 0590262769 |
| 040 ## - CATALOGING SOURCE | |
| Original cataloging agency | DLC |
| Transcribing agency | DLC |
| Modifying agency | DLC |
| 042 ## - AUTHENTICATION CODE | |
| Authentication code | lcac |
| 050 00 - LIBRARY OF CONGRESS CALL NUMBER | |
| Classification number | HE 1780.5.I8 |
| Item number | .W47 1995 |
| 100 1# - MAIN ENTRY--PERSONAL NAME | |
| Personal name | Wetterer, Margaret K. |
| 9 (RLIN) | 26847 |
| 245 10 - TITLE STATEMENT | |
| Title | Kate Shelley and the midnight express / |
| Statement of responsibility, etc | by Margaret K. Wetterer ; illustrations by Karen Ritz. |
| 260 ## - PUBLICATION, DISTRIBUTION, ETC. (IMPRINT) | |
| Place of publication, distribution, etc | Minneapolis : |
| Name of publisher, distributor, etc | Carolrhoda Books, |
| Date of publication, distribution, etc | c1995. |
| 300 ## - PHYSICAL DESCRIPTION | |
| Extent | 48 p. : |
| Other physical details | col. ill. ; |
| Dimensions | 23 cm. |
| 440 #0 - SERIES STATEMENT/ADDED ENTRY--TITLE | |
| Title | Carolrhoda on my own books |
| 9 (RLIN) | 25986 |
| 521 ## - TARGET AUDIENCE NOTE | |
| Target audience note | |
| 526 ## - STUDY PROGRAM INFORMATION NOTE | |
| Reading level | 750 |
| 600 10 - SUBJECT ADDED ENTRY--PERSONAL NAME | |
| Personal name | Shelley, Kate |
| Form subdivision | Juvenile literature. |
| 9 (RLIN) | 26848 |
| 600 11 - SUBJECT ADDED ENTRY--PERSONAL NAME | |
| Personal name | Shelley, Kate. |
| 9 (RLIN) | 26849 |
| 650 #0 - SUBJECT ADDED ENTRY--TOPICAL TERM | |
| Topical term or geographic name as entry element | Railroad accidents |
| Geographic subdivision | Iowa |
| -- | Moingona |
| Form subdivision | Juvenile literature. |
| 9 (RLIN) | 26850 |
| 650 #1 - SUBJECT ADDED ENTRY--TOPICAL TERM | |
| Topical term or geographic name as entry element | Railroads |
| Form subdivision | Biography. |
| 9 (RLIN) | 26851 |
| 650 #1 - SUBJECT ADDED ENTRY--TOPICAL TERM | |
| Topical term or geographic name as entry element | Railroad accidents. |
| 9 (RLIN) | 26852 |
| 700 1# - ADDED ENTRY--PERSONAL NAME | |
| Personal name | Ritz, Karen, |
| Relator term | ill. |
| 9 (RLIN) | 26853 |
| 906 ## - LOCAL DATA ELEMENT F, LDF (RLIN) | |
| a | 7 |
| b | cbc |
| c | orignew |
| d | 1 |
| e | ocip |
| f | 19 |
| g | y-gencatlg |
| 942 ## - ADDED ENTRY ELEMENTS (KOHA) | |
| Source of classification or shelving scheme | Library of Congress Classification |
| Koha item type | |
| Withdrawn status | Lost status | Source of classification or shelving scheme | Damaged status | Home library | Current library | Shelving location | Date acquired | Total Checkouts | Full call number | Barcode | Date last seen | Copy number | Price effective from | Koha item type |
|---|---|---|---|---|---|---|---|---|---|---|---|---|---|---|
| Library of Congress Classification | Luxembourg Library | Luxembourg Library | Scholastic Reading Center Section | 05/31/2012 | HE 1780.5.I8 .W47 1995 | LEX2918 | 04/18/2017 | 1 | 01/30/2014 | Books | ||||
| Library of Congress Classification | Luxembourg Library | Luxembourg Library | Scholastic Reading Center Section | 10/09/2013 | HE 1780.5.I8 .W47 1995 | LEX2919 | 04/18/2017 | 2 | 10/09/2013 | Books | ||||
| Library of Congress Classification | Luxembourg Library | Luxembourg Library | Scholastic Reading Center Section | 10/12/2013 | HE 1780.5.I8 .W47 1995 | LEX2916 | 04/18/2017 | 3 | 10/12/2013 | Books | ||||
| Library of Congress Classification | Luxembourg Library | Luxembourg Library | Scholastic Reading Center Section | 10/12/2013 | HE 1780.5.I8 .W47 1995 | LEX2359 | 04/18/2017 | 4 | 10/12/2013 | Books | ||||
| Library of Congress Classification | Luxembourg Library | Luxembourg Library | Scholastic Reading Center Section | 10/16/2013 | HE 1780.5.I8 .W47 1995 | SCHO0658 | 04/18/2017 | 5 | 10/16/2013 | Books | ||||
| Library of Congress Classification | Luxembourg Library | Luxembourg Library | Scholastic Reading Center Section | 10/16/2013 | HE 1780.5.I8 .W47 1995 | SCHO0659 | 04/18/2017 | 6 | 10/16/2013 | Books | ||||
| Library of Congress Classification | Luxembourg Library | Luxembourg Library | Scholastic Reading Center Section | 10/16/2013 | HE 1780.5.I8 .W47 1995 | SCHO0660 | 04/18/2017 | 7 | 10/16/2013 | Books | ||||
| Library of Congress Classification | Luxembourg Library | Luxembourg Library | Scholastic Reading Center Section | 10/16/2013 | HE 1780.5.I8 .W47 1995 | SCHO0661 | 04/18/2017 | 8 | 10/16/2013 | Books | ||||
| Library of Congress Classification | Luxembourg Library | Luxembourg Library | Scholastic Reading Center Section | 10/16/2013 | HE 1780.5.I8 .W47 1995 | SCHO0662 | 04/18/2017 | 9 | 10/16/2013 | Books | ||||
| Library of Congress Classification | Luxembourg Library | Luxembourg Library | Scholastic Reading Center Section | 10/24/2013 | HE 1780.5.I8 .W47 1995 | LEX2917 | 04/18/2017 | 5 | 10/24/2013 | Books |